000 00477nam a2200193Ia 4500
008 210210b2011 xxu||||| |||| 00| 0 eng d
020 _a9788184113778
041 _aeng
082 _a658.562 NAIT
100 _aNAIR (Suja S) Ed
245 _aTotal quality management
260 _aNew Delhi
_bSonali Publications
_c2011
300 _axxii-304
650 _aTotal
650 _aquality
650 _amanagement
690 _aTotal Quality Management
906 _a066161
999 _c146536
_d146536